00575nam a22001937a 450000500170000001000150001702000260003203500130005803700130007108200110008410000160009524500730011125000110018426000460019527000770024130000270031850000190034570000170036420151203143603.0 aENG-114289 c325.00a9789350353127 aEN-97821 bDBAD/PUB a344.41 aKumar, H.L. aPractical guide to factories act /cby H.L. Kumar [and] Gaurav Kumar a6th ed aNew DelhibUniversal Law Publishingc2013 aC-FF-1A, Dilkhush Industrial Estate, G.T. Karnal RoadbNew Delhie110033 axxvii,280p.c23cm(pbk) aIncludes index aGaurav Kumar